Sociální dimenze vstupu České republiky do Evropské unie

Výkonnosť ekonomiky a jej inštitucionálny rámec. Systém sociálnej podpory a dôchodkové poistenie v Česku a v Európskej únii. Politika zamestnanosti.

Enregistré dans:
Détails bibliographiques
Auteur principal: Slaný, Antonín
Format: Chapitre de livre
Langue:tchèque
Sujets:
Tags: Ajouter un tag
Pas de tags, Soyez le premier à ajouter un tag!

MARC

LEADER 00000naa$a2200000$$$4500
001 0022012
005 20231107101806.0
041 0 |a cze 
044 |a CZ 
245 1 0 |a Sociální dimenze vstupu České republiky do Evropské unie  |c Antonín Slaný 
520 |a Výkonnosť ekonomiky a jej inštitucionálny rámec. Systém sociálnej podpory a dôchodkové poistenie v Česku a v Európskej únii. Politika zamestnanosti. 
610 2 0 |a výkonnosť ekonomiky 
610 2 0 |a Česko 
610 2 0 |a Európska únia 
610 2 0 |a politika sociálna 
610 2 0 |a poistenie dôchodkové 
610 2 0 |a politika zamestnanosti 
610 2 0 |a trh práce 
100 1 |a Slaný, Antonín